书目信息 |
| 题名: |
审计基础知识习题集
|
|
| 作者: | 朴根虎 主编 | |
| 分册: | ||
| 出版信息: | 北京 高等教育出版社 2003 |
|
| 页数: | 86页 | |
| 开本: | 26cm | |
| 丛书名: | ||
| 单 册: | ||
| 中图分类: | F239.0-44 | |
| 科图分类: | ||
| 主题词: | 审计学--中等专业教育--习题 | |
| 电子资源: | ||
| ISBN: | 7-04-011814-9 | |
| 000 | 00897n|m0 2200265 450- | |
| 001 | 0102663281 | |
| 005 | 20121116170000.0 | |
| 010 | @a7-04-011814-9@dCNY8.20 | |
| 011 | @a7-04-011814-9 | |
| 100 | @a20030716d2003 em y0chiy0120 ea | |
| 101 | 0 | @achi |
| 102 | @aCN@b110000 | |
| 105 | @ay q 000yy | |
| 135 | @adrbn ---auuuu | |
| 200 | 1 | @a审计基础知识习题集@9Shen Ji Ji Chu Zhi Shi;Zhi Xi Ti Ji @f朴根虎主编@b电子资源.图书 |
| 210 | @a北京@c高等教育出版社@d2003 | |
| 215 | @a86页@d26cm | |
| 325 | @a电子复制品 | |
| 330 | @a本书收录了审计的基本概念,审计种类、审计程序和审计方法,审计准则和审计依据,企业会计报表审计等审计基础知识的重点与难点分析,以及相应的练习题。 | |
| 510 | 1 | @aAccountancy@zeng |
| 606 | 0 | @a审计学@x中等专业教育@x习题 |
| 690 | @aF239.0-44@v4 | |
| 701 | 0 | @a朴根虎@4主编@9piao gen hu |
| 801 | 0 | @aCN@bAZmarc@c20230904 |
| 905 | @dF239.0-44@e2@f3@sF239.0-44/2@aBZT | |
| 审计基础知识习题集/朴根虎主编[电子资源.图书].-北京:高等教育出版社,2003 |
| 86页;26cm |
| ISBN 7-04-011814-9:CNY8.20 |
| 本书收录了审计的基本概念,审计种类、审计程序和审计方法,审计准则和审计依据,企业会计报表审计等审计基础知识的重点与难点分析,以及相应的练习题。 |
| ● |
| 相关链接 |
|
|
|
正题名:审计基础知识习题集
索取号:F239.0-44/2
 
预约/预借
| 序号 | 登录号 | 条形码 | 馆藏地/架位号 | 状态 | 备注 |
| 1 | 2000069516 | 2000069516 | 旧书回溯/ [索取号:F239.0-44/2] | 在馆 | |
| 2 | 2000069517 | 2000069517 | 旧书回溯/ [索取号:F239.0-44/2] | 在馆 | |
| 3 | 2000069518 | 2000069518 | 旧书回溯/ [索取号:F239.0-44/2] | 在馆 |